000 01000nam a2200289 a 4500
001 000024546
005 20200930023229.0
008 110131s1998 mx a r 000 | spa d
020 _a9684442351
040 _aDO-SdBNP
_bspa
_cBNPHU
082 _a415
_bG643e
100 1 _aGonzález Darder, Javier
_950305
245 1 0 _aExpresión escrita o estrategias para la escritura /
_cJavier González Darder, Tomás Motos Teruel, Francisco Tejedo Torrent.
260 _aMéxico, D.F. :
_bAddison Wesley Longman,
_c1998.
300 _a128 p. :
_bil. ;
_c21 cm.
490 1 _aNueva Breda
_v9
500 _aIncluye glosario
504 _aIncluye referencias bibliográficas
650 4 _aEspañol
_xGramática
_xMetodología
_950306
650 4 _aFilología
_94653
650 4 _aFormación de palabras (gramática)
_950307
650 4 _aOrtografía
_928068
700 1 _aMotos Teruel, Tomás
_950308
700 1 _aTejedo Torrent, Francisco
_950309
830 0 _aNueva Breda ;
_v9.
_950310
049 _aBNGR
999 _c24039
_d24039